Sistemas de información para la toma de decisiones / (Registro nro. 10319)

Detalles MARC
000 -LIDER
fixed length control field 00826nam a22002537a 4500
001 - NÚMERO DE CONTROL
Identificador de número de control 00008547
003 - IDENTIFICACDOR DE NÚMERO DE CONTROL
control field DO-SdBNP
005 - DATE AND TIME OF LATEST TRANSACTION
control field 20180205150941.0
007 - CAMPOS FIJOS DE DESCRIPCIÓN FÍSICA
fixed length control field 00008547
008 - ELEMENTOS DE LONGITUD FIJA
fixed length control field 160608b 1996 mx a 00| 0 spa d
020 ## - ISBN
International Standard Book Number 9701008820
040 ## - FUENTE DE CATALOGACIÓN
Agencia que crea de manera original el registro BPMSU
Idioma de catalogación spa
Agencia que realiza la transcripción BPMSU
092 ## - LOCALLY ASSIGNED DEWEY DECIMAL CALL NUMBER
Número de clasificación xxxxx
Número de ítem (Cutter) xxxxx
100 1# - ASIENTO PRINCIPAL -- NOMBRE PERSONAL
Nombre personal Cohen Karen, Daniel
245 10 - MENCIÓN DE TITULO
Título Sistemas de información para la toma de decisiones /
Mención de responsabilidad Daniel Cohen Karen ; revisión técnica, Anibal Silvestri Rodríguez, Antonio Donadio Medaglia.
250 ## - MENCIÓN DE EDICION
Mención de edición 2ª ed.
260 ## - PUBLICACIÓN, DISTRIBUCIÓN, ETC. (PIE DE IMPRENTA)
Lugar de publicación, distribución, etc México :
Nombre del editor, distribuidor, etc. McGraw-Hill Interamericana,
Fecha de publicación, distribución, etc 1996.
300 ## - DESCRIPCIÓN FÍSICA
Extensión xxii, 243 p. :
Otros detalles físicos il.
Dimensiones 24 cm.
700 12 - ASIENTO SECUNDARIO -- NOMBRE PERSONAL
Nombre personal Rodríguez, Anibal Silvestri
700 12 - ASIENTO SECUNDARIO -- NOMBRE PERSONAL
Nombre personal Medaglia, Antonio Donadio
942 ## - ADDED ENTRY ELEMENTS (KOHA)
Source of classification or shelving scheme Dewey Decimal Classification
Koha item type Libros
945 ## - INFORMACIÓN DE PROCESAMIENTO LOCAL
Información de procesamiento local Inventariado, 2018/ YL
956 ## - LOCAL ELECTRONIC LOCATION AND ACCESS (OCLC)
Método de acceso LOPEREZ
Materiales especificados 10
Enlace 20160608
Campo enlazado y núm. de secuencia BPMSU
Nombre de host 00041
Existencias
Withdrawn status Lost status Source of classification or shelving scheme Damaged status Not for loan Collection code Home library Current library Date acquired Source of acquisition Total Checkouts Barcode Date last seen Price effective from Koha item type
    Dewey Decimal Classification     Colección General Biblioteca Pública Metropolitana Salomé Ureña Biblioteca Pública Metropolitana Salomé Ureña 06/08/2016 Donación   BPMSU16060111 06/08/2016 06/08/2016 Libros